| 000 | 00594nam a2200205 4500 | ||
|---|---|---|---|
| 001 | 139230 | ||
| 003 | ES-MaACL | ||
| 005 | 20230906195730.0 | ||
| 007 | t| | ||
| 008 | 070214s1958 sp r ||||1| spa d | ||
| 100 | 1 |
_aSaroyan, William. _9103843 |
|
| 245 | 1 | 3 |
_aLa comedia humana / _cWilliam Saroyan ; versión castellana de Joaquín M. Senties. |
| 260 |
_aBarcelona : _bG.P., _c1958. |
||
| 300 |
_a189 p. ; _c18 cm. |
||
| 490 | 1 | _aCol. plaza | |
| 700 | 1 |
_aSenties, Joaquín M. _9105481 |
|
| 830 | 0 |
_aCol. plaza _9187346 |
|
| 852 |
_aES-MaACL _jC-14730 _bR.42485 |
||
| 999 |
_c139230 _d139230 |
||